<?xml version="1.0" encoding="UTF-8"?><?xml-stylesheet type="text/xsl" href="static/style.xsl"?><OAI-PMH xmlns="http://www.openarchives.org/OAI/2.0/" xmlns:xsi="http://www.w3.org/2001/XMLSchema-instance" xsi:schemaLocation="http://www.openarchives.org/OAI/2.0/ http://www.openarchives.org/OAI/2.0/OAI-PMH.xsd"><responseDate>2026-06-05T16:17:01Z</responseDate><request verb="GetRecord" identifier="oai:riuma.uma.es:10630/26715" metadataPrefix="marc">https://riuma.uma.es/rest/oai/request</request><GetRecord><record><header><identifier>oai:riuma.uma.es:10630/26715</identifier><datestamp>2026-02-03T12:21:54Z</datestamp><setSpec>com_10630_2254</setSpec><setSpec>col_10630_37959</setSpec></header><metadata><record xmlns="http://www.loc.gov/MARC21/slim" xmlns:dcterms="http://purl.org/dc/terms/" xmlns:doc="http://www.lyncode.com/xoai" xmlns:xsi="http://www.w3.org/2001/XMLSchema-instance" xsi:schemaLocation="http://www.loc.gov/MARC21/slim http://www.loc.gov/standards/marcxml/schema/MARC21slim.xsd">
   <leader>00925njm 22002777a 4500</leader>
   <datafield ind2=" " ind1=" " tag="042">
      <subfield code="a">dc</subfield>
   </datafield>
   <datafield ind2=" " ind1=" " tag="720">
      <subfield code="a">Triviño-Cabrera, Laura</subfield>
      <subfield code="e">author</subfield>
   </datafield>
   <datafield ind2=" " ind1=" " tag="720">
      <subfield code="a">Delgado-Peña, José Jesús</subfield>
      <subfield code="e">author</subfield>
   </datafield>
   <datafield ind2=" " ind1=" " tag="720">
      <subfield code="a">Martínez-Enamorado, Virgilio</subfield>
      <subfield code="e">author</subfield>
   </datafield>
   <datafield ind2=" " ind1=" " tag="260">
      <subfield code="c">2023</subfield>
   </datafield>
   <datafield ind2=" " ind1=" " tag="520">
      <subfield code="a">Esta ponencia presenta el desarrollo de una investigación en curso que tiene como propósito hacer consciente, al alumnado del Grado en Educación Primaria, de la importancia de visibilizar el legado cultural andalusí en el currículum de Ciencias Sociales en Educación Primaria para el fomento de sociedades interculturales que se sostengan sobre principios de respeto muto, reconocimiento y convivencia pacífica. Para ello, se ha procedido a aplicar una metodología de investigación cualitativa, basada en la investigación-acción, en la asignatura ’Didáctica del Patrimonio y de la Cultura Andaluza’ del Grado en Educación Primaria de la Universidad de Málaga (N=70 estudiantes). Los primeros resultados aportan datos significativos con relación a la implicación del alumnado por transmitir la historia de al-Ándalus, partiendo del contexto local malagueño; pese a las dificultades para deconstruir narrativas hegemónicas repletas de estereotipos negativos sobre la población musulmana.</subfield>
   </datafield>
   <datafield ind1="8" ind2=" " tag="024">
      <subfield code="a">https://hdl.handle.net/10630/26715</subfield>
   </datafield>
   <datafield tag="653" ind2=" " ind1=" ">
      <subfield code="a">Profesores - Formación profesional</subfield>
   </datafield>
   <datafield tag="653" ind2=" " ind1=" ">
      <subfield code="a">Valores sociales</subfield>
   </datafield>
   <datafield ind2="0" ind1="0" tag="245">
      <subfield code="a">De la identidad andalusí al currículum intercultural en la formación inicial docente.</subfield>
   </datafield>
</record>
</metadata></record></GetRecord></OAI-PMH>